000 00483nam a2200145Ia 4500
008 151213s9999 xx 000 0 und d
100 _aরাজিয়া হোসাইন।
245 _aআমার কবিতা।
_cরাজিয়া হোসাইন।
260 _aঢাকা।
_bঝিঙেফুল
_c2009
300 _a8707 p.
650 _aBangla
650 _aকবিতা।
700 _aরাজিয়া হোসাইন।
999 _c4493
_d4493